000 00646nam a2200217Ia 4500
003 GCL
008 140319s9999 xx 000 0 ara d
040 _aGCL /
_cGCL
082 0 4 _a618.24
_bف ح
100 1 _aفريدمان، رينية
245 1 0 _aالحمل: رحلة طبية مع الام والجنين /
_cفريدمان، رينية
700 1 _aتايلور، وسالين
700 1 _aلطيف فرج (مترجم)
260 _a[S.N] :
_bدار المستقبل العربى ،
_c1993
300 _a160 ص
490 _a
650 0 4 _aالنساء
650 0 4 _aالحمل
650 0 4 _aالولادة
942 _2ddc
_cBK
999 _c36140
_d36140